Southville International School and Colleges
Your cart is empty.
  • Cart
  • Lists
    Public lists Eva Luna New books Lux_list list_1
    Your lists Log in to create your own lists
  • Log in to your account
  • Your cookies
  • Search history
Southville International School and Colleges
  • Advanced search
  • Recent comments
  • Most popular
  • Libraries

Log in to your account

Log in with GOOGLE


If you do not have an external account, but do have a local account, you can still log in:

  1. Home
  2. MARC view: Hidden evidences:
Normal view MARC view ISBD view

Hidden evidences: (Record no. 288045)

[ view plain ]
MARC details
000 -LEADER
fixed length control field 00540nam a2200169Ia 4500
008 - FIXED-LENGTH DATA ELEMENTS--GENERAL INFORMATION
fixed length control field 150610s9999 xx 000 0 und d
020 ## - INTERNATIONAL STANDARD BOOK NUMBER
International Standard Book Number 1552094839
050 ## - LIBRARY OF CONGRESS CALL NUMBER
Classification number HV8073
Item number .O93 2000
100 ## - MAIN ENTRY--PERSONAL NAME
Personal name Owen, David
245 ## - TITLE STATEMENT
Title Hidden evidences:
Remainder of title 40 true crimes and how forensic science helped solve them /
Statement of responsibility, etc David Owen.
260 ## - PUBLICATION, DISTRIBUTION, ETC. (IMPRINT)
Place of publication, distribution, etc Canada :
Name of publisher, distributor, etc Firefly Book,
Date of publication, distribution, etc 2000.
300 ## - PHYSICAL DESCRIPTION
Extent 240pages :
Other physical details col. ;
Dimensions 26 cm.
504 ## - BIBLIOGRAPHY, ETC. NOTE
Bibliography, etc Includes glossary and index.
520 ## - SUMMARY, ETC.
Summary, etc Forensic sciences.
650 ## - SUBJECT ADDED ENTRY--TOPICAL TERM
General subdivision Crime.
650 ## - SUBJECT ADDED ENTRY--TOPICAL TERM
General subdivision Criminal investigation.
Holdings
Withdrawn status Lost status Damaged status Home library Current library Shelving location Date acquired Total Checkouts Full call number Barcode Date last seen Price effective from Koha item type
      Stonyhurst Southville International School (Batangas) Stonyhurst Southville International School (Batangas) High School Section 06/10/2015   HV8073 .O93 2000 US-1298 06/10/2015 06/10/2015 Books

Hidden evidences:

APA

Owen D., . (2000). Hidden evidences. Canada: Firefly Book.

Chicago

Owen David, . 2000. Hidden evidences. Canada: Firefly Book.

Harvard

Owen D., . (2000). Hidden evidences. Canada: Firefly Book.

MLA

Owen David, . Hidden evidences. Canada: Firefly Book. 2000.

  • Place hold
  • Print
  • Cite
  • Add to your cart (remove)
  • Save record
    BIBTEX Dublin Core MARCXML MARC (non-Unicode/MARC-8) MARC (Unicode/UTF-8) MARC (Unicode/UTF-8, Standard) MODS (XML) RIS
  • More searches
    Search for this title in:
    Other Libraries (WorldCat) Other Databases (Google Scholar) Online Stores (Bookfinder.com) Open Library (openlibrary.org)

Exporting to Dublin Core...

SOUTHVILLE LIBRARY

Southville International School and Colleges Library

1281 Tropical Ave. Cor. Luxembourg St., BF Homes International, Las Pinas City

Tel. No. 8256374 / 252358 Loc. 117/146

Powered by Koha